00313pab a2200121 454500008004000000100001600040245006000056260000900116300001200125362001000137650002400147773002000171180718b2004 xxu||||| |||| 00| 0 eng d aGosai, M.R. aDiaspora: an emerging area of interdisciplinary studies c2004 ap.1-10. a8 Nov aNonresident Indians aUniversity News